00555nam a2200181 a 45000010010000000030011000100080041000210350026000620820014000881000019001022450050001212600053001716500011002249420012002359520091002479980020003389990015003580000-9180ELIB.Books110520 2004  a(ELIB.Books)0000-9332 aB.Th bEd aEd Dee Na, Naw aVictorious Christian Living in Churches Today bInsein: Karen Baptist Theolgical Seminary c2004 aThesis 2ddccBK 00102ddc4070aKBTSbKBTSd2011-05-20l0p30174r2022-01-22 00:00:00w2022-01-22yBK cbate2011-05-20 c9180d9180